Flagi państw podobnych do flagi Rosji - Statystyki

Ogólne statystyki
  • Ten quiz został rozwiązany 38 razy
  • Średni wynik to 9 z 9
Statystyki odpowiedzi
Obrazkowy Odpowiedź % Poprawnych
Słowacja
100%
Bułgaria
97%
Francja
97%
Holandia
97%
Serbia
97%
Chorwacja
93%
Luksemburg
93%
Słowenia
93%
Paragwaj
86%
Nie znaleziono quizów pasujących do podanych kryteriów
Rozkład punktacji
Procent ludzi z każdym wynikiem
Percentyl według liczby udzielonych odpowiedzi
Twoja historia wyników
Nie rozwiązałeś tego quizu